Los modelos de desentralización educativa en América Latina /
La descentralización de los servicios sociales es un eje esencial de las reformas de política social que se están efectuando en América Latina para hacer más eficiente la provisión de estos servicios y fortalecer los procesos de democratización. Aquí se analizan los procesos de descentralización de...
Kaydedildi:
| Yazar: | |
|---|---|
| Materyal Türü: | Metin |
| Konular: | |
| Etiketler: |
Etiketle
Etiket eklenmemiş, İlk siz ekleyin!
|
MARC
| LEADER | 00000 a a2200000 04500 | ||
|---|---|---|---|
| 001 | 15925 | ||
| 003 | |||
| 040 | |||
| 100 | |a Di Gropello, Emanuela | ||
| 245 | |a Los modelos de desentralización educativa en América Latina / |c Emanuela Di Gropello | ||
| 520 | |a La descentralización de los servicios sociales es un eje esencial de las reformas de política social que se están efectuando en América Latina para hacer más eficiente la provisión de estos servicios y fortalecer los procesos de democratización. Aquí se analizan los procesos de descentralización de la educación en siete países latinoamericanos (Argentina, Bolivia, Brasil, Chile, Colombia, México y Nicaragua). Se intenta sistematizar estas experiencias, utilizando una tipología teórica de modelos de reforma mostrar algunos resultados y tendencias en cuanto a eficiencia y equidad de la provisión de los servicios, y extraer algunas enseñanzas para el diseño de futuras reformas. REV//jmml | ||
| 650 | |a DESCENTRALIZACION | ||
| 650 | |a EDUCACION | ||
| 650 | |a DEMOCRATIZACION | ||
| 650 | |a POLITICA EDUCATIVA | ||
| 650 | |a MODELOS | ||
| 650 | |a PARTICIPACION SOCIAL | ||
| 773 | |g número 68; páginas 153-170 | ||
| 999 | |c 22393 |d 22393 | ||
